Mathematical control machines / (Record no. 8668)
[ view plain ]
| 000 -LEADER | |
|---|---|
| fixed length control field | 00649nam a22002417a 4500 |
| 001 - CONTROL NUMBER | |
| JCCL Control Number | 8668 |
| 003 - CONTROL NUMBER IDENTIFIER | |
| JCCL marc code | BD-JhCC |
| 005 - DATE AND TIME OF LATEST TRANSACTION | |
| control field | 20180307091337.0 |
| 008 - FIXED-LENGTH DATA ELEMENTS--GENERAL INFORMATION | |
| fixed length control field | 821004||||| ||| 000 0 eng |
| 035 ## - SYSTEM CONTROL NUMBER | |
| system control number | (BD-JhCC)8668 |
| 040 ## - CATALOGING SOURCE | |
| Original cataloging agency | DLC |
| Transcribing agency | DLC |
| Modifying agency | DLC |
| 041 ## - LANGUAGE CODE | |
| Language code of Book | eng |
| 050 00 - LIBRARY OF CONGRESS CALL NUMBER | |
| Classification number | MLCM 82/2605 |
| 082 ## - DEWEY DECIMAL CLASSIFICATION NUMBER | |
| Author mark and Year | LOS |
| Classification number | 621.702854 |
| 100 1# - MAIN ENTRY--PERSONAL NAME | |
| Personal name | Loskutov, V. |
| 245 10 - TITLE STATEMENT | |
| Title | Mathematical control machines / |
| Statement of responsibility, etc | V. Loskutov. ; translated from the Russian by Yuri Sedov. |
| 260 ## - PUBLICATION, DISTRIBUTION, ETC. (IMPRINT) | |
| Place of publication, distribution, etc | Moscow : |
| Name of publisher, distributor, etc | Peace Publishers, |
| Date of publication, distribution, etc | [19 ] |
| 300 ## - PHYSICAL DESCRIPTION | |
| Pagination | 413 p. : ill. ; 23 cm. |
| 650 ## - SUBJECT ADDED ENTRY--TOPICAL TERM | |
| Topical term or geographic name as entry element | Automatic control |
| 650 ## - SUBJECT ADDED ENTRY--TOPICAL TERM | |
| Topical term or geographic name as entry element | Computers |
| 942 ## - ADDED ENTRY ELEMENTS (KOHA) | |
| Source of classification or shelving scheme | Dewey Decimal Classification |
| Koha item type | Books |
| Source of classification or shelving scheme | Damaged status | Not for loan | Home library | Current library | Shelving location | Date of accession | Total Checkouts | Full call number | Barcode | Date last seen | Copy number | Koha item type |
|---|---|---|---|---|---|---|---|---|---|---|---|---|
| Dewey Decimal Classification | JCC Rouf Library | JCC Rouf Library | General Stacks | 03/01/2018 | 621.702854 LOS | 11076 | 03/01/2018 | C - 1 | Books |